Победа над солнцем (Запись № 11578142)

Подробности
000 -МАРКЕР
контрольное поле 01808nam0a22003971i 4500
001 - ИДЕНТИФИКАТОР ЗАПИСИ
контрольное поле RU\NLR\ONIZ\217268
005 - ИДЕНТИФИКАТОР ВЕРСИИ
контрольное поле 20260406104904.0
035 ## - ДРУГИЕ СИСТЕМНЫЕ НОМЕРА
Идентификатор записи RU\NLR\ONIZ\SOPHY\5000003445\20170502122655
035 ## - ДРУГИЕ СИСТЕМНЫЕ НОМЕРА
Идентификатор записи (NLR Aleph) 011414767
100 ## - ДАННЫЕ ОБЩЕЙ ОБРАБОТКИ
Данные общей обработки 20170502d2013 u||y0rusy50 ca
101 0# - ЯЗЫК РЕСУРСА
Язык текста, звукозаписи и т.д. русский
102 ## - СТРАНА ПУБЛИКАЦИИ ИЛИ ПРОИЗВОДСТВА
Страна публикации Российская Федерация
105 ## - ПОЛЕ КОДИРОВАННЫХ ДАННЫХ: ТЕКСТОВЫЕ МАТЕРИАЛЫ, МОНОГРАФИЧЕСКИЕ
Кодированные данные о монографическом текстовом документе g z 000zy
200 1# - ЗАГЛАВИЕ И СВЕДЕНИЯ ОБ ОТВЕТСТВЕННОСТИ
Основное заглавие Победа над солнцем
Сведения, относящиеся к заглавию либретто
Первые сведения об ответственности опера А. Крученых
Последующие сведения об ответственности муз. М. Матюшина
205 ## - СВЕДЕНИЯ ОБ ИЗДАНИИ
Сведения об издании [Репринт]
210 ## - ПУБЛИКАЦИЯ, РАСПРОСТРАНЕНИЕ И ДР.
Место издания, распространения и т.д. Санкт-Петербург
Имя издателя, распространителя и т. д. Гос. музей истории Санкт-Петербурга
Дата издания, распространения и т.д. 2013
215 ## - ФИЗИЧЕСКАЯ ХАРАКТЕРИСТИКА
Специфическое обозначение материала и объем 23, [1] с.
Другие сведения о физической характеристике ил., нот.
Размеры 23 см
700 #1 - ИМЯ ЛИЦА - ПЕРВИЧНАЯ ОТВЕТСТВЕННОСТЬ
Системный номер авторитетной/нормативной записи z01790
Начальный элемент ввода Матюшин
Часть имени, кроме начального элемента ввода М. В.
Даты 1861-1934
Расширение инициалов личного имени Михаил Васильевич
Код отношения Композитор
701 #1 - ИМЯ ЛИЦА - АЛЬТЕРНАТИВНАЯ ОТВЕТСТВЕННОСТЬ
Системный номер авторитетной/нормативной записи z02790
Начальный элемент ввода Крученых
Часть имени, кроме начального элемента ввода А. Е.
Даты 1886-1968
Расширение инициалов личного имени Алексей Елисеевич
Код отношения Автор <книги> оперы, балета или другого музыкального произведения
702 #1 - ИМЯ ЛИЦА - ВТОРИЧНАЯ ОТВЕТСТВЕННОСТЬ
Код отношения Карикатурист, Художник
Материалы, к которым относится поле rus
Графика поля Кириллица
Начальный элемент ввода Малевич
Часть имени, кроме начального элемента ввода К. С.
Дополнения к именам, кроме дат художник
Даты 1878-1935
Расширение инициалов личного имени Казимир Северинович
Идентификатор авторитетной/нормативной записи RU\NLR\AUTH\7798392
Системный номер авторитетной/нормативной записи 81318
702 #1 - ИМЯ ЛИЦА - ВТОРИЧНАЯ ОТВЕТСТВЕННОСТЬ
Системный номер авторитетной/нормативной записи z07790
Начальный элемент ввода Бугаев
Часть имени, кроме начального элемента ввода С. А.
Даты 1966-
Расширение инициалов личного имени Сергей Анатольевич
Код отношения Прочие
702 #1 - ИМЯ ЛИЦА - ВТОРИЧНАЯ ОТВЕТСТВЕННОСТЬ
Системный номер авторитетной/нормативной записи z08790
Начальный элемент ввода Хлебников
Часть имени, кроме начального элемента ввода В.
Даты 1885-1922
Расширение инициалов личного имени Велимир
Код отношения Лирик
790 #1 - ИМЯ ЛИЦА - АЛЬТЕРНАТИВНАЯ ФОРМА
Системный номер авторитетной/нормативной записи z01700
Начальный элемент ввода Matyushin
Часть имени, кроме начального элемента ввода M. V.
Даты 1861-1934
Расширение инициалов личного имени Mihail Vasil'evich
Код отношения Композитор
790 #1 - ИМЯ ЛИЦА - АЛЬТЕРНАТИВНАЯ ФОРМА
Системный номер авторитетной/нормативной записи z02701
Начальный элемент ввода Kruchenykh
Часть имени, кроме начального элемента ввода A. E.
Даты 1886-1968
Расширение инициалов личного имени Aleksej Eliseevich
Код отношения Автор <книги> оперы, балета или другого музыкального произведения
790 #1 - ИМЯ ЛИЦА - АЛЬТЕРНАТИВНАЯ ФОРМА
Системный номер авторитетной/нормативной записи z06702
Начальный элемент ввода Malewicz
Часть имени, кроме начального элемента ввода K.
Даты 1879-1935
Расширение инициалов личного имени Kazimierz
Код отношения Карикатурист, Художник
790 #1 - ИМЯ ЛИЦА - АЛЬТЕРНАТИВНАЯ ФОРМА
Системный номер авторитетной/нормативной записи z07702
Начальный элемент ввода Bugaev
Часть имени, кроме начального элемента ввода S. A.
Даты 1966-
Расширение инициалов личного имени Sergej Anatol'evich
Код отношения Прочие
790 #1 - ИМЯ ЛИЦА - АЛЬТЕРНАТИВНАЯ ФОРМА
Системный номер авторитетной/нормативной записи z08702
Начальный элемент ввода Hlebnikov
Часть имени, кроме начального элемента ввода V.
Даты 1885-1922
Расширение инициалов личного имени Velimir
Код отношения Лирик
Графика поля Латинская
801 #0 - ИСТОЧНИК ЗАПИСИ
Страна Российская Федерация
Организация NLR
Дата составления 20170502
Правила каталогизации PSBO
801 #1 - ИСТОЧНИК ЗАПИСИ
Страна Российская Федерация
Организация NLR
Дата составления 20170502
Источник данных rusmarc
801 #2 - ИСТОЧНИК ЗАПИСИ
Страна Российская Федерация
Организация NLR
Дата составления 20170524
852 ## - МЕСТОНАХОЖДЕНИЕ И ШИФР ХРАНЕНИЯ
Идентификатор организации NLR
Наименование фонда или коллекции (Sub-Location Identifier) М
Шифр хранения (Call Number) 986-2/26
Страна
Номер экземпляра 1
942 ## - ДОПОЛНИТЕЛЬНЫЕ ЭЛЕМЕНТЫ ЗАПИСИ (АБИС)
Тип экземпляра АБИС Книга
980 ## - КОЛЛЕКЦИЯ
Название коллекции НБР
980 ## - КОЛЛЕКЦИЯ
Название коллекции Отдел нот и звукозаписей

Нет доступных экземпляров.